Normal view
MARC view
- METRIC AND TOPOLOGICAL SPACES
Entry Topical Term
001 - CONTROL NUMBER
- control field: 77845
003 - CONTROL NUMBER IDENTIFIER
- control field: NUST
005 - DATE AND TIME OF LATEST TRANSACTION
- control field: 20210628210021.0
008 - FIXED-LENGTH DATA ELEMENTS
- fixed length control field: 210628|| aca||aabn | a|a d
040 ## - CATALOGING SOURCE
- Original cataloging agency: NUST
- Transcribing agency: NUST
150 ## - HEADING--TOPICAL TERM
- Topical term or geographic name entry element: METRIC AND TOPOLOGICAL SPACES
670 ## - SOURCE DATA FOUND
- Source citation: Work cat.: (NUST): Sutherland, W. A 77844, Introduction to metric and topological spaces, 1998
